00342nam a2200109Ia 450000100070000000500170000700800410002424500500006526000100011599900190012595200880014467588120250826160949.0250824s9999 xx 000 0 und d 0aRuby Rogers Bu Hiç Adil DeğilcSue Limb bALTIN c675881d675881 00104070a1003b1003d2025-08-24l0p1003103r2025-08-26 16:09:49w2025-08-26yBK